The Valentine bears / (Record no. 6361)

MARC details
000 -LEADER
fixed length control field 01082pam a2200337 a 4500
001 - CONTROL NUMBER
control field 6361
003 - CONTROL NUMBER IDENTIFIER
control field FISKH
005 - DATE AND TIME OF LATEST TRANSACTION
control field 20250424085805.0
008 - FIXED-LENGTH DATA ELEMENTS--GENERAL INFORMATION
fixed length control field 820524s1983 nyua j 000 1 eng
010 ## - LIBRARY OF CONGRESS CONTROL NUMBER
LC control number 82009577
020 ## - INTERNATIONAL STANDARD BOOK NUMBER
International Standard Book Number 089919138X
020 ## - INTERNATIONAL STANDARD BOOK NUMBER
International Standard Book Number 9780899193137
040 ## - CATALOGING SOURCE
Original cataloging agency DLC
Transcribing agency DLC
Modifying agency DLC
Language of cataloging eng
050 ## - LIBRARY OF CONGRESS CALL NUMBER
Classification number PZ7.B91527 V
082 ## - DEWEY DECIMAL CLASSIFICATION NUMBER
Classification number 394.2618
100 1# - MAIN ENTRY--PERSONAL NAME
Personal name Bunting, Eve,
Dates associated with a name 1928-
245 14 - TITLE STATEMENT
Title The Valentine bears /
Statement of responsibility, etc. by Eve Bunting ; pictures by Jan Brett.
260 ## - PUBLICATION, DISTRIBUTION, ETC.
Place of publication, distribution, etc. New York :
Name of publisher, distributor, etc. Scholastic,
Date of publication, distribution, etc. 1983.
300 ## - PHYSICAL DESCRIPTION
Extent 32 unnumbered pages :
Other physical details color illustrations ;
Dimensions 22 x 24 cm.
505 ## - FORMATTED CONTENTS NOTE
Formatted contents note N<br/>
520 ## - SUMMARY, ETC.
Summary, etc. Mrs. Bear plans a surprise Valentine's Day celebration for Mr. Bear despite their usual hibernating habits at that time of year.
521 8# - TARGET AUDIENCE NOTE
Target audience note 560<br/>
Source Lexile AD<br/>
521 8# - TARGET AUDIENCE NOTE
Target audience note N<br/>
Source Raz-Plus<br/>
650 #1 - SUBJECT ADDED ENTRY--TOPICAL TERM
Topical term or geographic name entry element Bears
General subdivision Fiction.
650 #1 - SUBJECT ADDED ENTRY--TOPICAL TERM
Topical term or geographic name entry element Valentine's Day
General subdivision Fiction.
650 #1 - SUBJECT ADDED ENTRY--TOPICAL TERM
Topical term or geographic name entry element Hibernation
General subdivision Fiction.
700 1# - ADDED ENTRY--PERSONAL NAME
Personal name Brett, Jan,
Dates associated with a name 1949-
Relator term illustrator
906 ## - LOCAL DATA ELEMENT F, LDF (RLIN)
a 7
b cbc
c orignew
d 1
e ocip
f 19
g y-gencatlg
942 ## - ADDED ENTRY ELEMENTS (KOHA)
Source of classification or shelving scheme Dewey Decimal Classification
Koha item type Books
Suppress in OPAC No
Holdings
Withdrawn status Lost status Source of classification or shelving scheme Damaged status Not for loan Collection Home library Current library Shelving location Date acquired Total Checkouts Full call number Barcode Date last seen Copy number Price effective from Koha item type
    Dewey Decimal Classification     Juvenile Fiction Footprints International School Library Network Toul Kork Campus Footprints International School Library Network Toul Kork Campus TK Primary Library Room(4th Floor), Bookcase 3&4, Shelves 17-32, Yellow Books 04/24/2025   BUN 394.2618 PZ7.B91527 V FISBK072059 04/24/2025 1 04/24/2025 Books